00803nam a2200217 i 4500001000700000003000900007007000300016008004100019080002200060100002400082245012800106250001200234260004300246300003400289650003300323700002200356700003500378852003200413999001900445952012100464128477ES-MaACLt|070514s1982 sp ||||1| spa d a617.55-073.432.191 aTaboury, J.910904110aGuía práctica de ecografía abdominal / cpor J. Taboury ; prefacio de J. Chalut ; versión de Fausto Gimeno Solsona. a1ª ed. a[Barcelona] : bToray-Masson, c[1982] aXI, 154 p. : bil. ; c26 cm.14aAbdomen-xEcografía.995601 aChalut, J.9378361 aGimeno Solsona, Fausto.957098 aES-MaACLjL-4057 bR.104557 c128477d128477 00104070aATENEOMbATENEOMcDEPO2d2008-01-17eSCl0oL-4057p1133806r2023-02-23 00:00:00w2023-02-23yMONOGRAFIA